توضيح كويك بيسك / (Record no. 25956)
[ view plain ]
| 000 -الفاتح | |
|---|---|
| حقل البيانات ثابتة الطول | 01188nam a22002775a 4500 |
| 003 - محدد رقم الضبط | |
| رقم الضبط | OSt |
| 005 - وقت وتاريخ اخر تعامل مع التسجيلة | |
| رقم الضبط | 20180120113719.0 |
| 008 - عناصر البيانات ثابتة الطول - معلومات عامة | |
| حقل البيانات ثابتة الطول | 180120s1994 ua a fr 000 0 ara d |
| 017 ## - رقم الإيداع القانونى | |
| رقم الإيداع القانونى | 93 / 8693 |
| 040 ## - مصدر الفهرسة | |
| وكالة الفهرسة الأصلية | EG-ScBUE |
| لغة الفهرسة | ara |
| وكالة النسخ | EG-ScBUE |
| 041 1# - رمز اللغة | |
| رمز لغة النص/ المسارات الصوتية أو العنوان الانفرادي | ara |
| رمز لغة الترجمات و/او الاصلية المتوسطة للنص | und |
| 082 04 - رقم تصنيف ديوى العشرى | |
| رقم التصنيف | 005.133 |
| رقم المادة | ت ا ن |
| رقم الطبعة | 22 |
| 100 1# - المدخل الرئيسى - إسم شخصى | |
| الإسم الشخصى | تانيك، هاري. |
| 245 10 - بيان العنوان | |
| العنوان | توضيح كويك بيسك / |
| بيان المسئوليه,etc | تأليف هاري تانيك، مورات تانيك، أودو بوش ؛ ترجمة ومراجعة سرور علي إبراهيم سرور ؛ تقديم عبد الله بن عبد الله العبيد. |
| 260 ## - PUBLICATION, DISTRIBUTION, ETC. (IMPRINT) | |
| مكان الناشر او الموزع | القاهرة : |
| اسم الناشر او الموزع | المكتبة الأكاديمية، |
| تاريخ النشر أو التوزيع | 1994. |
| 300 ## - الوصف المادى | |
| التعداد | 596 ص. ؛ |
| أبعاد الوعاء | 24 سم. |
| 546 ## - تبصرة اللغة | |
| تبصرة اللغة | النص باللغة العربية. |
| 630 07 - المدخل الاضافى بالموضوع - عنوان موحد | |
| عنوان موحد | لغة البيسك (حاسبات إلكترونية) |
| مصدر الرأس أو المصطلح | BUEsh |
| 650 #7 - المدخل الاضافى بالموضوع-مصطلح موضوعى | |
| مصطلح موضوعي أو اسم جغرافي كعنصر مدخل | لغات البرمجة (حاسبات إلكترونية) |
| مصدر الرأس أو المصطلح | BUEsh |
| 651 ## - المدخل الاضافى بالموضوع - اسم جغرافى | |
| مصدر الرأس أو المصطلح | BUEsh |
| 700 1# - المدخل الاضافى - اسم شخصى | |
| الإسم الشخصى | تانيك، مورات. |
| 700 1# - المدخل الاضافى - اسم شخصى | |
| الإسم الشخصى | بوش، أودو. |
| 700 1# - المدخل الاضافى - اسم شخصى | |
| الإسم الشخصى | سرور، سرور علي إبراهيم، |
| الدور | مترجم، |
| -- | مراجع. |
| 700 1# - المدخل الاضافى - اسم شخصى | |
| الإسم الشخصى | عبيد، عبد الله بن عبد الله، |
| الدور | مقدم. |
| 942 ## - عناصر المدخل الإضافي( كوها) | |
| مصدر التصنيف او مخطط الترفيف | Dewey Decimal Classification |
| حالة التراجع | حالة الفقد | مصدر التصنيف او خطة الترفيف | حالة تلف | ليس للاعارة | المكان الدائم | المكان الحالي | موقع الترفيف | تاريخ الاكتساب | رقم الاستدعاء | الباركود | Date last seen | نوع الوعاء |
|---|---|---|---|---|---|---|---|---|---|---|---|---|
| Dewey Decimal Classification | Central Library | Central Library | Lower Floor | 20/01/2018 | 005.133 ت ا ن | 000042848 | 15/07/2025 | Book - Borrowing |